[Event "Campeonato España Sub 18"]
[Site "Salobreña"]
[Date "2017.08.02"]
[Round "5"]
[White "Ros Alonso, Jaume"]
[Black "Castillo Dalmau, Albert"]
[Result "0-1"]
[Board "10"]
[WhiteClock "n/a"]
[WhiteElo "2006"]
[WhiteCountry "ESP"]
[WhiteFideId "32013418"]
[WhiteEloChange "-4"]
[BlackClock "n/a"]
[BlackElo "2258"]
[BlackCountry "ESP"]
[BlackFideId "32009925"]
[BlackEloChange "4"]

1. e4 {[%clk 1:30:30]} c5 {[%clk 1:30:30]} 2. Nf3 {[%clk 1:30:30]} e6 {[%clk
1:30:30]} 3. d4 {[%clk 1:30:30]} cxd4 {[%clk 1:30:30]} 4. Nxd4 {[%clk 1:30:30]}
Nc6 {[%clk 1:30:30]} 5. Nc3 {[%clk 1:30:30]} Qc7 {[%clk 1:30:30]} 6. g3 {[%clk
1:30:30]} a6 {[%clk 1:30:30]} 7. Bg2 {[%clk 1:30:30]} Nf6 {[%clk 1:30:30]} 8. O-O
{[%clk 1:30:30]} Nxd4 {[%clk 1:30:30]} 9. Qxd4 {[%clk 1:30:30]} Bc5 {[%clk
1:30:30]} 10. Bf4 {[%clk 1:30:30]} d6 {[%clk 1:30:30]} 11. Qd2 {[%clk 1:30:30]}
h6 {[%clk 1:30:30]} 12. Rad1 {[%clk 1:30:30]} e5 {[%clk 1:30:30]} 13. Be3 {[%clk
1:30:30]} Be6 {[%clk 1:30:30]} 14. Bxc5 {[%clk 1:30:30]} dxc5 {[%clk 1:30:30]}
15. Qd6 {[%clk 1:30:30]} Qxd6 {[%clk 1:30:30]} 16. Rxd6 {[%clk 1:30:30]} Ke7
{[%clk 1:30:30]} 17. Rb6 {[%clk 1:30:30]} Kd7 {[%clk 1:30:30]} 18. Nd5 {[%clk
1:30:30]} Rab8 {[%clk 1:30:30]} 19. Rd1 {[%clk 1:30:30]} Bxd5 {[%clk 1:30:30]}
20. exd5 {[%clk 1:30:30]} Kc7 {[%clk 1:30:30]} 21. Rb3 {[%clk 1:30:30]} Kd6
{[%clk 1:30:30]} 22. Rb6+ {[%clk 1:30:30]} Kc7 {[%clk 1:30:30]} 23. Rb3 {[%clk
1:30:30]} Kd6 {[%clk 1:30:30]} 24. a4 {[%clk 1:30:30]} b6 {[%clk 1:30:30]} 25.
Rbd3 {[%clk 1:30:30]} c4 {[%clk 1:30:30]} 26. Re3 {[%clk 1:30:30]} Rhe8 {[%clk
1:30:30]} 27. Bf1 {[%clk 1:30:30]} b5 {[%clk 1:30:30]} 28. b3 {[%clk 1:30:30]}
cxb3 {[%clk 1:30:30]} 29. Rxb3 {[%clk 1:30:30]} bxa4 {[%clk 1:30:30]} 30. Ra3
{[%clk 1:30:30]} Nd7 {[%clk 1:30:30]} 31. Rxa4 {[%clk 1:30:30]} Nc5 {[%clk
1:30:30]} 32. Rg4 {[%clk 1:30:30]} g5 {[%clk 1:30:30]} 33. h4 {[%clk 1:30:30]} f5
{[%clk 1:30:30]} 34. Rc4 {[%clk 1:30:30]} e4 {[%clk 1:30:30]} 35. Rc3 {[%clk
1:30:30]} Rb2 {[%clk 1:30:30]} 36. Bxa6 {[%clk 1:30:30]} Reb8 {[%clk 1:30:30]}
37. Bc4 {[%clk 1:30:30]} Rb1 {[%clk 1:30:30]} 38. Rxb1 {[%clk 1:30:30]} Rxb1+
{[%clk 1:30:30]} 39. Kg2 {[%clk 1:30:30]} Rb2 {[%clk 1:30:30]} 40. h5 {[%clk
1:30:30]} Ke5 {[%clk 1:30:30]} 41. Ba2 {[%clk 1:30:30]} Kd4 {[%clk 1:30:30]} 42.
Ra3 {[%clk 1:30:30]} Rxc2 {[%clk 1:30:30]} 43. Ra7 {[%clk 1:30:30]} e3 {[%clk
1:30:30]} 44. d6 {[%clk 1:30:30]} Rxf2+ {[%clk 1:30:30]} 45. Kg1 {[%clk 1:30:30]}
Ke5 {[%clk 1:30:30]} 46. d7 {[%clk 1:30:30]} Nxd7 {[%clk 1:30:30]} 47. Rxd7
{[%clk 1:30:30]} Rxa2 {[%clk 1:30:30]} 48. Re7+ {[%clk 1:30:30]} Kd4 {[%clk
1:30:30]} 49. Re6 {[%clk 1:30:30]} Kd3 {[%clk 1:30:30]} 50. Rd6+ {[%clk 1:30:30]}
Ke4 {[%clk 1:30:30]} 51. Rxh6 {[%clk 1:30:30]} Kf3 {[%clk 1:30:30]} 52. Re6
{[%clk 1:30:30]} e2 {[%clk 1:30:30]} 53. h6 {[%clk 1:30:30]} Ra1+ {[%clk
1:30:30]} 54. Kh2 {[%clk 1:30:30]} e1Q {[%clk 1:30:30]} 0-1

[Event "Campeonato España Sub 18"]
[Site "Salobreña"]
[Date "2017.08.02"]
[Round "5"]
[White "Centron Antuna, Daniel"]
[Black "Garcia Sobrino, David"]
[Result "0-1"]
[Board "11"]
[WhiteClock "1:30"]
[WhiteElo "2112"]
[WhiteCountry "ESP"]
[WhiteFideId "22288694"]
[WhiteEloChange "-7"]
[BlackClock "1:30"]
[BlackTitle "FM"]
[BlackElo "2223"]
[BlackCountry "ESP"]
[BlackFideId "32028407"]
[BlackEloChange "7"]

1. e4 {[%clk 1:30:00]} c5 {[%clk 1:29:00]} 2. Nf3 {[%clk 1:30:00]} g6 {[%clk
1:28:00]} 3. d4 {[%clk 1:28:00]} cxd4 {[%clk 1:28:00]} 4. Nxd4 {[%clk 1:28:00]}
Bg7 {[%clk 1:29:00]} 5. c4 {[%clk 1:28:00]} Nc6 {[%clk 1:26:00]} 6. Be3 {[%clk
1:28:00]} Nf6 {[%clk 1:26:00]} 7. Nc3 {[%clk 1:27:00]} O-O {[%clk 1:25:00]} 8.
Be2 {[%clk 1:27:00]} d6 {[%clk 1:25:00]} 9. h3 {[%clk 1:24:00]} Bd7 {[%clk
1:19:00]} 10. O-O {[%clk 1:23:00]} Nxd4 {[%clk 1:18:00]} 11. Bxd4 {[%clk
1:22:00]} Bc6 {[%clk 1:17:00]} 12. Bf3 {[%clk 1:17:00]} a5 {[%clk 1:08:00]} 13.
Nd5 {[%clk 1:16:00]} Nd7 {[%clk 1:07:00]} 14. Bxg7 {[%clk 1:08:00]} Kxg7 {[%clk
1:07:00]} 15. Qd4+ {[%clk 1:09:00]} Kg8 {[%clk 1:04:00]} 16. Rac1 {[%clk
1:03:00]} a4 {[%clk 0:57:00]} 17. Be2 {[%clk 0:56:00]} Re8 {[%clk 0:53:00]} 18.
f4 {[%clk 0:48:00]} Ra5 {[%clk 0:35:00]} 19. Kh2 {[%clk 0:43:00]} e5 {[%clk
0:23:00]} 20. Qd2 {[%clk 0:34:00]} Bxd5 {[%clk 0:22:00]} 21. exd5 {[%clk
0:34:00]} exf4 {[%clk 0:19:50]} 22. Rxf4 {[%clk 0:33:00]} Qg5 {[%clk 0:17:10]}
23. Rcf1 {[%clk 0:32:00]} Rc5 {[%clk 0:16:17]} 24. Kh1 {[%clk 0:29:00]} Rc7
{[%clk 0:12:55]} 25. Qc2 {[%clk 0:21:00]} Nc5 {[%clk 0:11:48]} 26. R1f2 {[%clk
0:12:59]} Rce7 {[%clk 0:10:59]} 27. Bd3 {[%clk 0:12:17]} Re1+ {[%clk 0:10:26]}
28. Bf1 {[%clk 0:10:56]} Ne4 {[%clk 0:08:18]} 29. Rxf7 {[%clk 0:11:10]} Nxf2+
{[%clk 0:07:58]} 30. Qxf2 {[%clk 0:11:19]} R1e7 {[%clk 0:07:44]} 31. Rf6 {[%clk
0:11:10]} Qe5 {[%clk 0:07:07]} 32. c5 {[%clk 0:10:47]} dxc5 {[%clk 0:03:44]} 33.
d6 {[%clk 0:11:09]} Kg7 {[%clk 0:03:41]} 34. Rxg6+ {[%clk 0:03:22]} hxg6 {[%clk
0:04:03]} 35. dxe7 {[%clk 0:03:42]} Rxe7 {[%clk 0:04:13]} 36. Bb5 {[%clk
0:03:37]} Qe1+ {[%clk 0:01:46]} 37. Qxe1 {[%clk 0:03:09]} Rxe1+ {[%clk 0:02:11]}
38. Kh2 {[%clk 0:04:01]} Rb1 {[%clk 0:01:35]} 39. Bxa4 {[%clk 0:03:30]} Rxb2
{[%clk 0:01:31]} 40. Bb3 {[%clk 0:03:53]} b5 {[%clk 0:01:31]} 0-1

[Event "Campeonato España Sub 18"]
[Site "Salobreña"]
[Date "2017.08.02"]
[Round "5"]
[White "Rottenwohrer Suarez, Juan"]
[Black "Chueca Lorente, Javier"]
[Result "1-0"]
[Board "12"]
[WhiteClock "1:30"]
[WhiteTitle "CM"]
[WhiteElo "2214"]
[WhiteCountry "ESP"]
[WhiteFideId "32068182"]
[WhiteEloChange "7"]
[BlackClock "1:30"]
[BlackElo "2112"]
[BlackCountry "ESP"]
[BlackFideId "22216405"]
[BlackEloChange "-7"]

1. c4 {[%clk 1:30:00]} c5 {[%clk 1:26:00]} 2. Nf3 {[%clk 1:30:00]} g6 {[%clk
1:26:00]} 3. g3 {[%clk 1:30:00]} Bg7 {[%clk 1:26:00]} 4. Bg2 {[%clk 1:31:00]} Nc6
{[%clk 1:27:00]} 5. Nc3 {[%clk 1:31:00]} Nh6 {[%clk 1:27:00]} 6. O-O {[%clk
1:26:00]} Nf5 {[%clk 1:26:00]} 7. d3 {[%clk 1:21:00]} O-O {[%clk 1:26:00]} 8. Ne1
{[%clk 1:18:00]} d6 {[%clk 1:25:00]} 9. Rb1 {[%clk 1:15:00]} Rb8 {[%clk 1:24:00]}
10. Bd2 {[%clk 1:13:00]} Bd7 {[%clk 1:14:00]} 11. a3 {[%clk 1:09:00]} a5 {[%clk
1:11:00]} 12. e3 {[%clk 1:02:00]} e6 {[%clk 1:11:00]} 13. Nc2 {[%clk 0:58:00]}
Nce7 {[%clk 1:05:00]} 14. b4 {[%clk 0:52:00]} axb4 {[%clk 1:05:00]} 15. axb4
{[%clk 0:52:00]} Bc6 {[%clk 1:05:00]} 16. Bxc6 {[%clk 0:40:00]} Nxc6 {[%clk
1:04:00]} 17. Qe2 {[%clk 0:38:00]} h5 {[%clk 0:53:00]} 18. f4 {[%clk 0:32:00]}
Re8 {[%clk 0:45:00]} 19. bxc5 {[%clk 0:30:00]} dxc5 {[%clk 0:45:00]} 20. Ne4
{[%clk 0:29:00]} b6 {[%clk 0:45:00]} 21. Rb3 {[%clk 0:26:00]} e5 {[%clk 0:45:00]}
22. Rfb1 {[%clk 0:17:18]} exf4 {[%clk 0:45:00]} 23. gxf4 {[%clk 0:17:39]} Nh6
{[%clk 0:40:00]} 24. Qf3 {[%clk 0:17:05]} Re6 {[%clk 0:37:00]} 25. Na3 {[%clk
0:12:33]} Ng4 {[%clk 0:36:00]} 26. h3 {[%clk 0:11:43]} Nf6 {[%clk 0:37:00]} 27.
Ng5 {[%clk 0:09:38]} Rd6 {[%clk 0:37:00]} 28. d4 {[%clk 0:09:05]} Rxd4 {[%clk
0:30:00]} 29. exd4 {[%clk 0:05:27]} Nxd4 {[%clk 0:30:00]} 30. Qd3 {[%clk
0:04:32]} Nxb3 {[%clk 0:30:00]} 31. Rxb3 {[%clk 0:05:00]} Qe8 {[%clk 0:29:00]}
32. Nb5 {[%clk 0:05:01]} Rd8 {[%clk 0:28:00]} 33. Nd6 {[%clk 0:04:30]} Qd7 {[%clk
0:29:00]} 34. Ngxf7 {[%clk 0:04:18]} Qxf7 {[%clk 0:29:00]} 35. Nxf7 {[%clk
0:04:29]} Rxd3 {[%clk 0:29:00]} 36. Rxd3 {[%clk 0:04:41]} Kxf7 {[%clk 0:30:00]}
37. Bc3 {[%clk 0:04:08]} Bh6 {[%clk 0:30:00]} 38. Be5 {[%clk 0:04:10]} Ne4 {[%clk
0:26:00]} 39. Kg2 {[%clk 0:04:21]} Ke6 {[%clk 0:26:00]} 40. Kf3 {[%clk 0:04:25]}
Kf5 {[%clk 0:26:00]} 41. h4 {[%clk 0:03:34]} Nf6 {[%clk 0:25:00]} 42. Bxf6 {[%clk
0:03:50]} Kxf6 {[%clk 0:26:00]} 43. Rd6+ {[%clk 0:04:09]} Kf5 {[%clk 0:26:00]}
44. Rxb6 {[%clk 0:04:00]} Bf8 {[%clk 0:25:00]} 45. Rc6 {[%clk 0:03:45]} Be7
{[%clk 0:25:00]} 46. Rc7 {[%clk 0:03:41]} Bd6 {[%clk 0:26:00]} 47. Rd7 {[%clk
0:02:36]} Ke6 {[%clk 0:26:00]} 48. Rg7 {[%clk 0:02:05]} Kf5 {[%clk 0:26:00]} 49.
Rg8 {[%clk 0:02:15]} Be7 {[%clk 0:27:00]} 50. Re8 {[%clk 0:02:25]} Bd6 {[%clk
0:27:00]} 51. Rd8 {[%clk 0:02:43]} Be7 {[%clk 0:26:00]} 52. Rd5+ {[%clk 0:02:58]}
Ke6 {[%clk 0:26:00]} 53. Ke4 {[%clk 0:03:20]} Bxh4 {[%clk 0:26:00]} 54. Rxc5
{[%clk 0:03:39]} Be7 {[%clk 0:26:00]} 55. Rc6+ {[%clk 0:03:07]} Kf7 {[%clk
0:26:00]} 56. Rb6 {[%clk 0:01:42]} h4 {[%clk 0:26:00]} 57. Rb3 {[%clk 0:01:45]}
Bc5 {[%clk 0:26:00]} 58. Kf3 {[%clk 0:01:46]} Kf6 {[%clk 0:26:00]} 59. Kg4 {[%clk
0:02:02]} Bf2 {[%clk 0:27:00]} 60. Ra3 {[%clk 0:02:15]} Be1 {[%clk 0:27:00]} 61.
Ra6+ {[%clk 0:02:29]} Kf7 {[%clk 0:27:00]} 62. Rd6 {[%clk 0:02:23]} Bf2 {[%clk
0:27:00]} 63. Rd2 {[%clk 0:02:32]} Be3 {[%clk 0:26:00]} 64. Re2 {[%clk 0:02:55]}
Bc1 {[%clk 0:26:00]} 65. c5 {[%clk 0:02:51]} Ba3 {[%clk 0:26:00]} 66. c6 {[%clk
0:02:46]} Bd6 {[%clk 0:26:00]} 67. Rc2 {[%clk 0:01:52]} Bc7 {[%clk 0:26:00]} 68.
Kxh4 {[%clk 0:02:17]} Bd8+ {[%clk 0:26:00]} 69. Kg4 {[%clk 0:02:41]} Bc7 {[%clk
0:26:00]} 70. Re2 {[%clk 0:02:44]} Bd6 {[%clk 0:26:00]} 71. Rd2 {[%clk 0:02:25]}
Ke6 {[%clk 0:26:00]} 72. Rxd6+ {[%clk 0:02:25]} 1-0

[Event "Campeonato España Sub 18"]
[Site "Salobreña"]
[Date "2017.08.02"]
[Round "5"]
[White "Porta Tovar, Guillem"]
[Black "Pulido Esteban, Francisco Daniel"]
[Result "1-0"]
[Board "13"]
[WhiteClock "1:30"]
[WhiteElo "2202"]
[WhiteCountry "ESP"]
[WhiteFideId "32008341"]
[WhiteEloChange "6"]
[BlackClock "1:30"]
[BlackElo "2065"]
[BlackCountry "ESP"]
[BlackFideId "22274839"]
[BlackEloChange "-6"]

1. d4 {[%clk 1:30:00]} Nf6 {[%clk 1:30:00]} 2. c4 {[%clk 1:31:00]} e6 {[%clk
1:31:00]} 3. Nc3 {[%clk 1:31:00]} Bb4 {[%clk 1:31:00]} 4. Nf3 {[%clk 1:27:00]}
Ne4 {[%clk 1:27:00]} 5. Qc2 {[%clk 1:27:00]} Nxc3 {[%clk 1:27:00]} 6. bxc3 {[%clk
1:28:00]} Be7 {[%clk 1:27:00]} 7. e4 {[%clk 1:27:00]} c5 {[%clk 1:27:00]} 8. Bd3
{[%clk 1:24:00]} d6 {[%clk 1:25:00]} 9. O-O {[%clk 1:22:00]} Nc6 {[%clk 1:24:00]}
10. Rb1 {[%clk 1:20:00]} e5 {[%clk 1:23:00]} 11. d5 {[%clk 1:16:00]} Na5 {[%clk
1:23:00]} 12. Be3 {[%clk 1:16:00]} b6 {[%clk 1:22:00]} 13. Qe2 {[%clk 1:15:00]}
O-O {[%clk 1:21:00]} 14. Nd2 {[%clk 1:16:00]} f5 {[%clk 1:21:00]} 15. f4 {[%clk
1:07:00]} fxe4 {[%clk 1:16:00]} 16. Nxe4 {[%clk 1:06:00]} exf4 {[%clk 1:16:00]}
17. Rxf4 {[%clk 1:05:00]} Rxf4 {[%clk 1:16:00]} 18. Bxf4 {[%clk 1:05:00]} g6
{[%clk 1:15:00]} 19. Re1 {[%clk 1:05:00]} a6 {[%clk 1:09:00]} 20. Nxc5 {[%clk
1:02:00]} Ra7 {[%clk 1:09:00]} 21. Ne6 {[%clk 1:02:00]} Qe8 {[%clk 1:08:00]} 22.
Qe3 {[%clk 1:01:00]} Bxe6 {[%clk 1:07:00]} 23. Qxb6 {[%clk 0:58:00]} Rb7 {[%clk
1:07:00]} 24. Qxa5 {[%clk 0:59:00]} Bc8 {[%clk 1:07:00]} 25. Bxd6 {[%clk
0:59:00]} 1-0

[Event "Campeonato España Sub 18"]
[Site "Salobreña"]
[Date "2017.08.02"]
[Round "5"]
[White "Calvo Simon, Jorge"]
[Black "Roldan Marques, Daniel"]
[Result "1/2-1/2"]
[Board "14"]
[WhiteClock "1:29"]
[WhiteElo "2128"]
[WhiteCountry "ESP"]
[WhiteFideId "22216340"]
[WhiteEloChange "5"]
[BlackClock "1:30"]
[BlackTitle "FM"]
[BlackElo "2300"]
[BlackCountry "ESP"]
[BlackFideId "32063318"]
[BlackEloChange "-5"]

1. c4 {[%clk 1:29:00]} e5 {[%clk 1:30:00]} 2. g3 {[%clk 1:29:00]} Nc6 {[%clk
1:30:00]} 3. Bg2 {[%clk 1:29:00]} Bc5 {[%clk 1:30:00]} 4. Nc3 {[%clk 1:29:00]} d6
{[%clk 1:30:00]} 5. d3 {[%clk 1:29:00]} a6 {[%clk 1:30:00]} 6. Nf3 {[%clk
1:29:00]} Ba7 {[%clk 1:27:00]} 7. Rb1 {[%clk 1:28:00]} Nge7 {[%clk 1:25:00]} 8.
b4 {[%clk 1:26:00]} O-O {[%clk 1:24:00]} 9. O-O {[%clk 1:22:00]} f6 {[%clk
1:19:00]} 10. Nd2 {[%clk 1:21:00]} Be6 {[%clk 1:18:00]} 11. a4 {[%clk 1:12:00]}
Qd7 {[%clk 1:12:00]} 12. b5 {[%clk 1:12:00]} axb5 {[%clk 1:11:00]} 13. axb5
{[%clk 1:12:00]} Na5 {[%clk 1:11:00]} 14. Nb3 {[%clk 1:06:00]} Nxb3 {[%clk
1:09:00]} 15. Qxb3 {[%clk 1:07:00]} c6 {[%clk 0:59:00]} 16. bxc6 {[%clk 1:04:00]}
bxc6 {[%clk 0:59:00]} 17. Qb7 {[%clk 1:04:00]} Rfd8 {[%clk 0:53:00]} 18. Qxd7
{[%clk 0:59:00]} Rxd7 {[%clk 0:50:00]} 19. Bd2 {[%clk 0:59:00]} Rb8 {[%clk
0:33:00]} 20. Rxb8+ {[%clk 0:57:00]} Bxb8 {[%clk 0:32:00]} 21. Ra1 {[%clk
0:51:00]} Ra7 {[%clk 0:29:00]} 22. Rb1 {[%clk 0:48:00]} Bc7 {[%clk 0:29:00]} 23.
Be3 {[%clk 0:32:00]} Ra8 {[%clk 0:27:00]} 24. h4 {[%clk 0:31:00]} Rb8 {[%clk
0:22:00]} 25. Rxb8+ {[%clk 0:29:00]} Bxb8 {[%clk 0:22:00]} 26. Bb6 {[%clk
0:29:00]} Kf7 {[%clk 0:18:58]} 27. Bd8 {[%clk 0:28:00]} Bd7 {[%clk 0:18:11]} 28.
Na2 {[%clk 0:27:00]} Ke8 {[%clk 0:16:49]} 29. Bxe7 {[%clk 0:27:00]} Kxe7 {[%clk
0:17:12]} 30. Nb4 {[%clk 0:27:00]} c5 {[%clk 0:17:09]} 31. Nd5+ {[%clk 0:27:00]}
Kd8 {[%clk 0:16:07]} 32. Kh2 {[%clk 0:27:00]} Be6 {[%clk 0:15:47]} 33. Ne3 {[%clk
0:26:00]} Bc7 {[%clk 0:15:33]} 34. Bh3 {[%clk 0:26:00]} Ke7 {[%clk 0:15:30]} 35.
Bxe6 {[%clk 0:26:00]} Kxe6 {[%clk 0:15:53]} 36. h5 {[%clk 0:26:00]} g6 {[%clk
0:11:28]} 37. hxg6 {[%clk 0:26:00]} 1/2-1/2

[Event "Campeonato España Sub 18"]
[Site "Salobreña"]
[Date "2017.08.02"]
[Round "5"]
[White "Mari Copa, Adria"]
[Black "Laiz Ibanez, Hector"]
[Result "0-1"]
[Board "15"]
[WhiteClock "1:30"]
[WhiteElo "2103"]
[WhiteCountry "ESP"]
[WhiteFideId "22276122"]
[WhiteEloChange "-6"]
[BlackClock "1:30"]
[BlackTitle "FM"]
[BlackElo "2269"]
[BlackCountry "ESP"]
[BlackFideId "2216710"]
[BlackEloChange "6"]

1. e4 {[%clk 1:30:00]} g6 {[%clk 1:30:00]} 2. d4 {[%clk 1:31:00]} Bg7 {[%clk
1:31:00]} 3. Nc3 {[%clk 1:31:00]} d6 {[%clk 1:31:00]} 4. Be3 {[%clk 1:31:00]} a6
{[%clk 0:57:00]} 5. h4 {[%clk 1:15:00]} h5 {[%clk 0:57:00]} 6. a4 {[%clk
1:15:00]} Nf6 {[%clk 0:56:00]} 7. f3 {[%clk 1:15:00]} Nbd7 {[%clk 0:55:00]} 8.
Qd2 {[%clk 1:14:00]} c5 {[%clk 0:55:00]} 9. dxc5 {[%clk 1:12:00]} dxc5 {[%clk
0:55:00]} 10. e5 {[%clk 1:11:00]} Nxe5 {[%clk 0:55:00]} 11. Qxd8+ {[%clk
1:11:00]} Kxd8 {[%clk 0:55:00]} 12. Bxc5 {[%clk 1:09:00]} Ke8 {[%clk 0:55:00]}
13. O-O-O {[%clk 1:09:00]} Bf5 {[%clk 0:55:00]} 14. Nh3 {[%clk 1:04:00]} Rc8
{[%clk 0:55:00]} 15. Ba3 {[%clk 1:01:00]} e6 {[%clk 0:50:00]} 16. Nf2 {[%clk
0:56:00]} Nd5 {[%clk 0:38:00]} 17. Nfe4 {[%clk 0:41:00]} Bh6+ {[%clk 0:38:00]}
18. Kb1 {[%clk 0:42:00]} Nxc3+ {[%clk 0:38:00]} 19. Nxc3 {[%clk 0:42:00]} Nc4
{[%clk 0:27:00]} 20. Bxc4 {[%clk 0:42:00]} Rxc4 {[%clk 0:28:00]} 21. a5 {[%clk
0:34:00]} f6 {[%clk 0:15:32]} 22. g3 {[%clk 0:32:00]} Rh7 {[%clk 0:15:45]} 23.
Rhe1 {[%clk 0:31:00]} Rd7 {[%clk 0:13:19]} 24. Rxd7 {[%clk 0:30:00]} Kxd7 {[%clk
0:13:15]} 25. Rd1+ {[%clk 0:30:00]} Ke8 {[%clk 0:13:41]} 26. f4 {[%clk 0:27:00]}
g5 {[%clk 0:12:09]} 27. fxg5 {[%clk 0:27:00]} fxg5 {[%clk 0:12:31]} 28. hxg5
{[%clk 0:26:00]} Bxg5 {[%clk 0:12:55]} 29. Rh1 {[%clk 0:27:00]} Bg6 {[%clk
0:13:05]} 30. Re1 {[%clk 0:23:00]} Bf5 {[%clk 0:12:50]} 31. Rh1 {[%clk 0:23:00]}
Bd8 {[%clk 0:12:35]} 32. Rxh5 {[%clk 0:23:00]} Bxa5 {[%clk 0:13:00]} 33. Rh2
{[%clk 0:19:39]} b5 {[%clk 0:11:51]} 34. Bd6 {[%clk 0:18:30]} b4 {[%clk 0:12:09]}
35. g4 {[%clk 0:17:26]} Rxg4 {[%clk 0:12:25]} 36. Nd1 {[%clk 0:15:39]} Rd4 {[%clk
0:12:25]} 0-1

[Event "Campeonato España Sub 18"]
[Site "Salobreña"]
[Date "2017.08.02"]
[Round "5"]
[White "Lacruz Algarate, Alvaro"]
[Black "Redondo Benavente, Ana"]
[Result "1/2-1/2"]
[Board "17"]
[WhiteClock "1:30"]
[WhiteElo "2186"]
[WhiteCountry "ESP"]
[WhiteFideId "32025335"]
[WhiteEloChange "-4"]
[BlackClock "1:30"]
[BlackTitle "WFM"]
[BlackElo "2026"]
[BlackCountry "ESP"]
[BlackFideId "32021674"]
[BlackEloChange "4"]

1. e4 {[%clk 1:30:00]} e6 {[%clk 1:30:00]} 2. d4 {[%clk 1:31:00]} d5 {[%clk
1:31:00]} 3. Nc3 {[%clk 1:31:00]} Nf6 {[%clk 1:31:00]} 4. e5 {[%clk 1:31:00]}
Nfd7 {[%clk 1:31:00]} 5. f4 {[%clk 1:32:00]} c5 {[%clk 1:31:00]} 6. Nf3 {[%clk
1:32:00]} Nc6 {[%clk 1:31:00]} 7. Be3 {[%clk 1:33:00]} Be7 {[%clk 1:32:00]} 8.
Qd2 {[%clk 1:33:00]} O-O {[%clk 1:32:00]} 9. O-O-O {[%clk 1:33:00]} c4 {[%clk
1:30:00]} 10. f5 {[%clk 1:30:00]} b5 {[%clk 1:30:00]} 11. fxe6 {[%clk 1:25:00]}
fxe6 {[%clk 1:30:00]} 12. Nxb5 {[%clk 1:18:00]} Rb8 {[%clk 1:30:00]} 13. Nd6
{[%clk 1:12:00]} Bxd6 {[%clk 1:28:00]} 14. exd6 {[%clk 1:12:00]} Nf6 {[%clk
1:29:00]} 15. c3 {[%clk 1:11:00]} Ne4 {[%clk 1:25:00]} 16. Qc2 {[%clk 1:11:00]}
Qxd6 {[%clk 1:19:00]} 17. h4 {[%clk 0:40:00]} Ng3 {[%clk 1:11:00]} 18. Rh3 {[%clk
0:23:00]} Nxf1 {[%clk 0:57:00]} 19. Rxf1 {[%clk 0:23:00]} e5 {[%clk 0:57:00]} 20.
Rhh1 {[%clk 0:23:00]} Bf5 {[%clk 0:54:00]} 21. Qd2 {[%clk 0:23:00]} Rb7 {[%clk
0:49:00]} 22. dxe5 {[%clk 0:20:00]} Nxe5 {[%clk 0:47:00]} 23. Nxe5 {[%clk
0:21:00]} Qxe5 {[%clk 0:48:00]} 24. Qd4 {[%clk 0:21:00]} Qxd4 {[%clk 0:30:00]}
25. Bxd4 {[%clk 0:22:00]} Rbf7 {[%clk 0:29:00]} 26. Bc5 {[%clk 0:20:00]} Rc8
{[%clk 0:25:00]} 27. Bd4 {[%clk 0:21:00]} Rcf8 {[%clk 0:23:00]} 28. Bc5 {[%clk
0:21:00]} Rc8 {[%clk 0:22:00]} 29. Bd4 {[%clk 0:21:00]} Rcf8 {[%clk 0:23:00]} 30.
Bc5 {[%clk 0:18:17]} Rc8 {[%clk 0:23:00]} 31. Bd4 {[%clk 0:18:17]} 1/2-1/2

[Event "Campeonato España Sub 18"]
[Site "Salobreña"]
[Date "2017.08.02"]
[Round "5"]
[White "Jimenez Ruano, Adrian"]
[Black "Tarraga Navarro, Pablo"]
[Result "1-0"]
[Board "18"]
[WhiteClock "n/a"]
[WhiteElo "2171"]
[WhiteCountry "ESP"]
[WhiteFideId "22276050"]
[WhiteEloChange "7"]
[BlackClock "n/a"]
[BlackElo "2054"]
[BlackCountry "ESP"]
[BlackFideId "32041691"]
[BlackEloChange "-7"]

1. d4 {[%clk 1:30:30]} Nf6 {[%clk 1:30:30]} 2. c4 {[%clk 1:30:30]} e6 {[%clk
1:30:30]} 3. Nc3 {[%clk 1:30:30]} Bb4 {[%clk 1:30:30]} 4. e3 {[%clk 1:30:30]} O-O
{[%clk 1:30:30]} 5. Bd3 {[%clk 1:30:30]} d5 {[%clk 1:30:30]} 6. Nf3 {[%clk
1:30:30]} b6 {[%clk 1:30:30]} 7. cxd5 {[%clk 1:30:30]} exd5 {[%clk 1:30:30]} 8.
O-O {[%clk 1:30:30]} Bb7 {[%clk 1:30:30]} 9. a3 {[%clk 1:30:30]} Bd6 {[%clk
1:30:30]} 10. b4 {[%clk 1:30:30]} a5 {[%clk 1:30:30]} 11. b5 {[%clk 1:30:30]}
Nbd7 {[%clk 1:30:30]} 12. a4 {[%clk 1:30:30]} Ne4 {[%clk 1:30:30]} 13. Qb3 {[%clk
1:30:30]} Ndf6 {[%clk 1:30:30]} 14. Ba3 {[%clk 1:30:30]} Nxc3 {[%clk 1:30:30]}
15. Qxc3 {[%clk 1:30:30]} Ne4 {[%clk 1:30:30]} 16. Qb3 {[%clk 1:30:30]} Re8
{[%clk 1:30:30]} 17. Rfc1 {[%clk 1:30:30]} Re6 {[%clk 1:30:30]} 18. Rc2 {[%clk
1:30:30]} Rh6 {[%clk 1:30:30]} 19. Bxd6 {[%clk 1:30:30]} Qxd6 {[%clk 1:30:30]}
20. h3 {[%clk 1:30:30]} Rc8 {[%clk 1:30:30]} 21. Rac1 {[%clk 1:30:30]} Re6 {[%clk
1:30:30]} 22. Ne5 {[%clk 1:30:30]} Ree8 {[%clk 1:30:30]} 23. Bxe4 {[%clk
1:30:30]} dxe4 {[%clk 1:30:30]} 24. Qxf7+ {[%clk 1:30:30]} Kh8 {[%clk 1:30:30]}
25. Qxe8+ {[%clk 1:30:30]} Rxe8 {[%clk 1:30:30]} 26. Nf7+ {[%clk 1:30:30]} Kg8
{[%clk 1:30:30]} 27. Nxd6 {[%clk 1:30:30]} cxd6 {[%clk 1:30:30]} 28. Rc7 {[%clk
1:30:30]} Bd5 {[%clk 1:30:30]} 29. Rd7 {[%clk 1:30:30]} Bb3 {[%clk 1:30:30]} 30.
Rxd6 {[%clk 1:30:30]} Bxa4 {[%clk 1:30:30]} 31. Rxb6 {[%clk 1:30:30]} 1-0